Daň z nehnuteľností na rok 2021

Vznik a zánik daňovej povinnosti. Typy priznaní. Nehnuteľnosti, ktoré sa zdaňujú. Sadzby dane z nehnuteľností. Vyrubenie dane. Úrok z omeškania.

Gespeichert in:
Bibliographische Detailangaben
1. Verfasser: Bubeníková, Irena
Format: Buchkapitel
Sprache:Slowakisch
Schlagworte:
Tags: Tag hinzufügen
Keine Tags, Fügen Sie das erste Tag hinzu!

MARC

LEADER 00000naa a2200000 4500
001 0273019
005 20210413135902.1
041 0 |a slo 
044 |a SK 
245 1 0 |a Daň z nehnuteľností na rok 2021  |c Irena Bubeníková 
520 |a Vznik a zánik daňovej povinnosti. Typy priznaní. Nehnuteľnosti, ktoré sa zdaňujú. Sadzby dane z nehnuteľností. Vyrubenie dane. Úrok z omeškania. 
610 2 0 |a dane z nehnuteľností 
610 2 0 |a dane miestne 
610 2 0 |a povinnosť daňová 
610 2 0 |a úrok z omeškania 
100 1 |a Bubeníková, Irena